Czy to zawodnik Realu Madryt czy FC Barcelony? - Statystyki

Ogólne statystyki
  • Ten quiz został rozwiązany 142 razy
  • Średni wynik to 13 z 15
Statystyki odpowiedzi
Hint Odpowiedź % Poprawnych
Gavi FC Barcelona
94%
F. Valverde Real Madryt
93%
Frenkie De Jong FC Barcelona
92%
R. Lewandowski FC Barcelona
92%
A. Guler Real Madryt
90%
E. Camavinga Real Madryt
89%
F. Mastantuono Real Madryt
88%
J. Garcia FC Barcelona
87%
F. Lopez FC Barcelona
87%
D. Ceballos Real Madryt
87%
B. Diaz Real Madryt
79%
M. Casado FC Barcelona
78%
R. Bardghji FC Barcelona
77%
Dro Fernandes FC Barcelona
70%
F. Garcia Real Madryt
49%
Nie znaleziono quizów pasujących do podanych kryteriów
Rozkład punktacji
Procent ludzi z każdym wynikiem
Percentyl według liczby udzielonych odpowiedzi
Twoja historia wyników
Nie rozwiązałeś tego quizu